230 modèles de ferronnerie Lampadaires, lustres, appliques guéridons, portes, pots de fleurs, ornements d'église

Đã lưu trong:
书目详细资料
主要作者: George Surnom
格式: 图书
语言:Undetermined
出版: Paris Eyrolles 1968
主题:
标签: 添加标签
没有标签, 成为第一个标记此记录!
Thư viện lưu trữ: Trung tâm Học liệu Trường Đại học Cần Thơ
LEADER 00544nam a2200181Ia 4500
001 CTU_9583
008 210402s9999 xx 000 0 und d
082 |a 739 
082 |b S961 
100 |a George Surnom 
245 0 |a 230 modèles de ferronnerie 
245 0 |b Lampadaires, lustres, appliques guéridons, portes, pots de fleurs, ornements d'église 
245 0 |c George Surnom 
260 |a Paris 
260 |b Eyrolles 
260 |c 1968 
650 |a architectural metal-work 
980 |a Trung tâm Học liệu Trường Đại học Cần Thơ